[Event "II Festival Server24 A"]
[Site "Ortisei - Sankt Ulrich in Groeden ITA"]
[Date "2013.06.09"]
[Round "9"]
[White "Solomon, Kenny"]
[Black "Vezzosi, Paolo"]
[WhiteElo "2414"]
[BlackElo "2274"]
[Result "1-0"]
[PlyCount "81"]
[EventDate "2013.06.01"]

1. d4 Nf6 2. c4 e6 3. Nc3 Bb4 4. e3 c5 5. Nf3 b6 6. Bd3 Bb7 7. O-O cxd4 8. Nxd4
O-O 9. Bd2 d5 10. cxd5 Nxd5 11. Qc2 g6 12. Be4 Na6 13. Rfd1 Rc8 14. Ndb5 Nxc3
15. Bxc3 Qe7 16. Bxb7 Qxb7 17. Nd6 Bxd6 18. Rxd6 Nc5 19. f3 Qe7 20. Rad1 Rfd8
21. R6d4 f6 22. Bb4 a5 23. Ba3 Rd5 24. Qc4 Rcd8 25. Kf1 Qd6 26. g3 Qc6 27. Kg2
Kf7 28. b3 R8d6 29. Rxd5 exd5 30. Qc3 Qb5 31. Rd2 Rd7 32. Bb2 Qc6 33. g4 Qe6
34. Rd4 g5 35. Kf2 Ke8 36. Rd1 Re7 37. Qd4 Nd7 38. Ba3 Nc5 39. Bxc5 bxc5 40.
Qxc5 Kf7 41. Qxd5 1-0

[Event "II Festival Server24 A"]
[Site "Ortisei - Sankt Ulrich in Groeden ITA"]
[Date "2013.06.09"]
[Round "9"]
[White "Volkov, Sergey"]
[Black "Levin, Felix"]
[WhiteElo "2613"]
[BlackElo "2497"]
[Result "1/2-1/2"]
[PlyCount "21"]
[EventDate "2013.06.01"]

1. d4 d5 2. c4 e6 3. Nc3 Nf6 4. Bg5 Be7 5. e3 O-O 6. Nf3 Nbd7 7. cxd5 Nxd5 8.
Bxe7 Qxe7 9. Nxd5 exd5 10. Bd3 Nf6 11. O-O 1/2-1/2

[Event "II Festival Server24 A"]
[Site "Ortisei - Sankt Ulrich in Groeden ITA"]
[Date "2013.06.09"]
[Round "9"]
[White "Zucchelli, Massimo"]
[Black "Bernardi, Ruben"]
[WhiteElo "2186"]
[BlackElo "2079"]
[Result "1-0"]
[PlyCount "151"]
[EventDate "2013.06.01"]

1. d4 Nf6 2. c4 c5 3. d5 b5 4. Qc2 bxc4 5. e4 d6 6. Bxc4 Nbd7 7. Nf3 g6 8. O-O
Bg7 9. h3 O-O 10. Nc3 Rb8 11. Re1 Nb6 12. Bf1 Bb7 13. a4 a6 14. a5 Na8 15. Bc4
Nc7 16. Qd3 Nd7 17. Bf4 Bc8 18. Ra2 f6 19. Re2 Kh8 20. b3 Qe8 21. h4 h6 22. g3
Qf7 23. Kg2 Ne5 24. Bxe5 fxe5 25. Ng1 Qe8 26. Reb2 Bf6 27. Na4 Rb4 28. Nb6 Kg7
29. Nxc8 Qxc8 30. Ra4 Qb8 31. Rxb4 Qxb4 32. Ra2 Rb8 33. Ne2 g5 34. h5 Qe1 35.
Qf3 Kh8 36. Qc3 Qb1 37. Qc2 Qe1 38. Qd2 Qxd2 39. Rxd2 Nb5 40. Ra2 Kg8 41. g4
Kf7 42. Kf1 Ke8 43. Ke1 Kd7 44. Kd2 Kc7 45. Ra4 Kb7 46. Bxb5 axb5 47. Ra2 Ka6
48. Ng3 Bg7 49. Nf5 Bf8 50. Kc3 Rc8 51. Ne3 Bg7 52. b4 c4 53. Re2 Rf8 54. Nf5
Rf7 55. Re3 Bf8 56. Rf3 Rf6 57. Kc2 Rf7 58. Kd2 Rf6 59. Ke2 Rf7 60. Ra3 Rf6 61.
Rf3 Rf7 62. Ra3 Rf6 63. Ne3 Rf4 64. f3 Rf6 65. Nxc4 bxc4 66. b5+ Ka7 67. a6 Bg7
68. b6+ Ka8 69. Rc3 Rf8 70. Rxc4 Bh8 71. Rc7 Bg7 72. Ke3 Kb8 73. Rb7+ Ka8 74.
Rc7 Kb8 75. a7+ Ka8 76. Kd3 1-0

[Event "II Festival Server24 B"]
[Site "Ortisei - Sankt Ulrich in Groeden ITA"]
[Date "2013.06.02"]
[Round "2"]
[White "Bossoni, Mario"]
[Black "Roversi, Stefano"]
[WhiteElo "1941"]
[BlackElo "1791"]
[Result "1/2-1/2"]
[PlyCount "67"]
[EventDate "2013.06.01"]

1. e4 c5 2. d4 cxd4 3. c3 dxc3 4. Nxc3 d6 5. Nf3 Nf6 6. Bc4 Nc6 7. e5 d5 8.
Bxd5 Nxd5 9. Qxd5 Be6 10. Qxd8+ Rxd8 11. O-O g6 12. Bf4 Bg7 13. a3 O-O 14. Rfe1
Rd3 15. Rac1 Rfd8 16. Ne4 Nd4 17. Nxd4 R3xd4 18. Bg3 Bd5 19. Nc3 Bc6 20. Rcd1
Rxd1 21. Rxd1 Rxd1+ 22. Nxd1 f6 23. exf6 exf6 24. f3 f5 25. Be1 Ba4 26. Nc3 Bb3
27. Bf2 a6 28. Kf1 Bh6 29. Bd4 Bc1 30. Ne2 Bc4 31. Ke1 Bg5 32. Bc3 Be3 33. Bd4
Bxe2 34. Bxe3 1/2-1/2

[Event "II Festival Server24 B"]
[Site "Ortisei - Sankt Ulrich in Groeden ITA"]
[Date "2013.06.02"]
[Round "2"]
[White "Caldara, Sisto"]
[Black "Soupizon, Remi"]
[WhiteElo "1804"]
[BlackElo "1990"]
[Result "0-1"]
[PlyCount "70"]
[EventDate "2013.06.01"]

1. d4 d5 2. c4 Nc6 3. cxd5 Qxd5 4. e3 e5 5. Nc3 Bb4 6. Bd2 Bxc3 7. bxc3 Nf6 8.
c4 Qd6 9. d5 Ne7 10. Qb3 Ne4 11. Bb4 c5 12. dxc6 Qxc6 13. Nf3 f6 14. Qa3 Nf5
15. Bd3 a5 16. O-O Be6 17. Rfc1 Kf7 18. Be1 Nc5 19. Be2 Rhd8 20. Bc3 Kg8 21.
Rab1 b6 22. Rd1 Nd6 23. Nd2 Rab8 24. Qc1 Bf5 25. Ra1 Qa4 26. g4 Bg6 27. h4 Nd3
28. Bxd3 Bxd3 29. g5 Nxc4 30. gxf6 gxf6 31. f4 Nxe3 32. fxe5 Qg4+ 33. Kf2 Qe2+
34. Kg3 Qg2+ 35. Kf4 Nd5# 0-1

[Event "II Festival Server24 B"]
[Site "Ortisei - Sankt Ulrich in Groeden ITA"]
[Date "2013.06.02"]
[Round "2"]
[White "Thurner, Markus"]
[Black "Martinez, Guido"]
[WhiteElo "1972"]
[BlackElo "1802"]
[Result "1/2-1/2"]
[PlyCount "163"]
[EventDate "2013.06.01"]

1. f4 d5 2. e3 Nc6 3. Nf3 Bg4 4. Bb5 Bd7 5. O-O Nf6 6. d3 e6 7. Qe1 Bc5 8. Kh1
Qe7 9. Bxc6 Bxc6 10. Ne5 Qd6 11. Qg3 O-O 12. b3 a5 13. Bb2 Nh5 14. Qg5 g6 15.
Ng4 d4 16. Nf6+ Nxf6 17. Qxf6 Qd5 18. e4 Qd7 19. Nd2 Rad8 20. Nf3 Rfe8 21. Ne5
Qe7 22. Qxe7 Rxe7 23. Nxc6 bxc6 24. a4 f6 25. g3 Kf7 26. Kg2 Red7 27. Rae1 Bb4
28. Re2 Rb8 29. Bc1 Re8 30. h3 Kg7 31. g4 Rf7 32. f5 exf5 33. gxf5 Bd6 34. Bd2
Ra8 35. fxg6 hxg6 36. Ref2 Be5 37. Rf3 c5 38. h4 c6 39. Kh3 Bc7 40. Kg4 Rh8 41.
Rh3 Rh5 42. Rf2 Kg8 43. Bf4 Bxf4 44. Rxf4 Kf8 45. Kf3 Ke7 46. Rg3 Rg7 47. Rfg4
Kf7 48. Rg2 Rg8 49. Rf4 Ke6 50. Ke2 Ke7 51. Kd2 Ke6 52. Rgf2 Rf8 53. Kc1 Ke5
54. Rg4 Rg8 55. Rfg2 Rh6 56. Kb2 Ke6 57. c3 Ke5 58. Kc2 Ke6 59. cxd4 cxd4 60.
Kb2 Ke5 61. Rc2 Kd6 62. Rf4 g5 63. hxg5 Rxg5 64. Rf3 Rhg6 65. Ka3 Rg3 66. Rcf2
Rxf3 67. Rxf3 Ke6 68. b4 axb4+ 69. Kxb4 Rg1 70. a5 Ra1 71. Rf5 Ra2 72. Rc5 Kd6
73. Rf5 Ke6 74. Rf3 Ra1 75. Rh3 Rb1+ 76. Kc4 Rb5 77. a6 Ra5 78. Kxd4 Rxa6 79.
Kc5 Ke5 80. Rh6 Ra3 81. Rh5+ Ke6 82. Kxc6 1/2-1/2

[Event "II Festival Server24 B"]
[Site "Ortisei - Sankt Ulrich in Groeden ITA"]
[Date "2013.06.03"]
[Round "3"]
[White "Boscolo, Ampelio"]
[Black "Hofer, Alois"]
[WhiteElo "1820"]
[BlackElo "1663"]
[Result "0-1"]
[PlyCount "96"]
[EventDate "2013.06.01"]

1. d4 Nf6 2. Nf3 d5 3. Bf4 c6 4. e3 e6 5. Bd3 Bd6 6. Bg5 Nbd7 7. c3 Qc7 8. Nbd2
b6 9. Qe2 h6 10. Bh4 O-O 11. O-O Re8 12. Bg3 e5 13. dxe5 Nxe5 14. Nxe5 Bxe5 15.
Nf3 Bxg3 16. hxg3 Bg4 17. Qc2 c5 18. Rfe1 Bd7 19. Rad1 Re7 20. b3 Rae8 21. Bf5
Bc6 22. Bd3 Bd7 23. a4 c4 24. bxc4 dxc4 25. Be2 Qc5 26. Rd4 Be6 27. Red1 a6 28.
Qa2 b5 29. axb5 axb5 30. Qa5 Ra7 31. Qb4 Qxb4 32. cxb4 Ra4 33. Rb1 Nd5 34. Bxc4
bxc4 35. b5 Rb8 36. Ne5 Nc3 37. Rb2 Rxb5 38. Rc2 Rxe5 39. Rxc3 Ra1+ 40. Kh2
Rh5+ 41. Rh4 Rxh4+ 42. gxh4 Kf8 43. e4 Ke7 44. f4 f6 45. Rg3 Kd6 46. Rxg7 c3
47. Rg3 c2 48. Rc3 c1=Q 0-1

[Event "II Festival Server24 B"]
[Site "Ortisei - Sankt Ulrich in Groeden ITA"]
[Date "2013.06.03"]
[Round "3"]
[White "Girelli, Sergio"]
[Black "Dallaglio, Giovanni"]
[WhiteElo "1901"]
[BlackElo "1999"]
[Result "1/2-1/2"]
[PlyCount "91"]
[EventDate "2013.06.01"]

1. e4 e6 2. d4 d5 3. Nc3 dxe4 4. Nxe4 Nd7 5. Nf3 Ngf6 6. Bg5 Be7 7. Nxf6+ Nxf6
8. Bd3 c5 9. O-O cxd4 10. Bb5+ Bd7 11. Bxd7+ Qxd7 12. Qxd4 Qxd4 13. Nxd4 O-O
14. Rad1 Rfd8 15. Nf3 h6 16. Bh4 Kf8 17. Rfe1 Nd5 18. Bxe7+ Kxe7 19. c3 Rac8
20. Rd2 a5 21. Red1 Nb6 22. Rxd8 Rxd8 23. Rxd8 Kxd8 24. b3 Nd5 25. c4 Nb4 26.
a3 Nc2 27. a4 Na1 28. Nd4 Kd7 29. Kf1 f6 30. Ke2 e5 31. Nf5 Nxb3 32. Nxg7 Nc5
33. Nf5 Nxa4 34. Nxh6 Nb2 35. Ng4 Ke6 36. Ne3 f5 37. g3 f4 38. gxf4 exf4 39.
Nd5 Ke5 40. Nb6 f3+ 41. Kxf3 a4 42. Nxa4 Nxa4 43. Ke3 b6 44. f4+ Kf5 45. Kd4
Kxf4 46. Kd5 1/2-1/2

[Event "II Festival Server24 B"]
[Site "Ortisei - Sankt Ulrich in Groeden ITA"]
[Date "2013.06.03"]
[Round "3"]
[White "Soupizon, Remi"]
[Black "Fox, Jonas"]
[WhiteElo "1990"]
[BlackElo "1817"]
[Result "1-0"]
[PlyCount "51"]
[EventDate "2013.06.01"]

1. e4 e6 2. d4 d5 3. Nc3 Bb4 4. e5 c5 5. Bd2 Ne7 6. a3 Bxc3 7. Bxc3 b6 8. Nf3
Nbc6 9. Be2 Bd7 10. O-O Qc7 11. Re1 Nf5 12. Rc1 O-O 13. Bd3 cxd4 14. Bxf5 exf5
15. Nxd4 Nxd4 16. Qxd4 Qc5 17. Qh4 Rfe8 18. e6 Rxe6 19. Rxe6 fxe6 20. Bd4 Qf8
21. Re1 Qf7 22. Re3 Rc8 23. Rg3 Rxc2 24. h3 g6 25. Qh6 Qf8 26. Rxg6+ 1-0

[Event "II Festival Server24 B"]
[Site "Ortisei - Sankt Ulrich in Groeden ITA"]
[Date "2013.06.03"]
[Round "3"]
[White "Tomio, Dante"]
[Black "Haidacher, Gerold"]
[WhiteElo "1849"]
[BlackElo "1782"]
[Result "1-0"]
[PlyCount "87"]
[EventDate "2013.06.01"]

1. d4 d5 2. Nf3 Nf6 3. e3 e6 4. Bd3 c5 5. b3 Nc6 6. O-O Bd6 7. Bb2 O-O 8. Nbd2
Qe7 9. c4 cxd4 10. exd4 Ba3 11. Qc1 Bxb2 12. Qxb2 Rd8 13. Rfe1 Qf8 14. Rac1 g6
15. a3 Qg7 16. b4 Ne7 17. c5 Bd7 18. Ne5 Rac8 19. Ndf3 Be8 20. b5 Ne4 21. Bxe4
dxe4 22. Rxe4 Nd5 23. Nc4 Ne7 24. Nd6 Rb8 25. Ne5 Nd5 26. Qb3 Qh6 27. Rce1 Qd2
28. Qf3 f5 29. Qe2 Qh6 30. Nef7 Bxf7 31. Rxe6 Nf4 32. Qc4 Nxe6 33. Rxe6 Rf8 34.
Nxf7 Rxf7 35. d5 Qg7 36. h3 Rc8 37. d6 Kf8 38. c6 bxc6 39. bxc6 Qa1+ 40. Kh2
Qxa3 41. Qd4 Kg8 42. d7 Rxd7 43. cxd7 Rd8 44. Re8+ 1-0

[Event "II Festival Server24 B"]
[Site "Ortisei - Sankt Ulrich in Groeden ITA"]
[Date "2013.06.04"]
[Round "4"]
[White "Dallaglio, Giovanni"]
[Black "Roversi, Stefano"]
[WhiteElo "1999"]
[BlackElo "1791"]
[Result "0-1"]
[PlyCount "50"]
[EventDate "2013.06.01"]

1. d4 Nf6 2. Nf3 d6 3. c4 g6 4. Nc3 Bg7 5. g3 O-O 6. Bg2 Nbd7 7. O-O e5 8. e4
exd4 9. Nxd4 Ne5 10. b3 Bd7 11. Bb2 Re8 12. Re1 a6 13. h3 Qc8 14. Kh2 Rb8 15.
Qd2 b5 16. cxb5 axb5 17. f4 b4 18. Nd5 Nxd5 19. exd5 c5 20. dxc6 Nxc6 21. Bxc6
Bxc6 22. Rac1 Rxe1 23. Rxc6 Qe8 24. Rxd6 Bxd4 25. Qxd4 Qe2+ 0-1

[Event "II Festival Server24 B"]
[Site "Ortisei - Sankt Ulrich in Groeden ITA"]
[Date "2013.06.04"]
[Round "4"]
[White "Hofer, Alois"]
[Black "Soupizon, Remi"]
[WhiteElo "1663"]
[BlackElo "1990"]
[Result "0-1"]
[PlyCount "97"]
[EventDate "2013.06.01"]

1. d4 d5 2. Nf3 Nf6 3. c4 c6 4. Nc3 e6 5. Bf4 dxc4 6. e4 b5 7. a3 Bb7 8. Be2
Nbd7 9. O-O Be7 10. Qc2 Qb6 11. Rad1 Nf8 12. Ne5 Ng6 13. Be3 c5 14. Nxg6 hxg6
15. d5 exd5 16. exd5 Bd6 17. h3 O-O 18. f4 Rfe8 19. Qd2 Ne4 20. Nxe4 Rxe4 21.
Bf3 Re7 22. Qf2 Rae8 23. Rfe1 Qc7 24. g3 a5 25. h4 Qd7 26. g4 Qc7 27. Kg2 Qb8
28. h5 Bxf4 29. Bxf4 Qxf4 30. Rxe7 Rxe7 31. hxg6 Re3 32. gxf7+ Kf8 33. Re1 Rd3
34. Qxc5+ Kxf7 35. Qe7+ Kg8 36. Qd8+ Qf8 37. Re8 Rxf3 38. Rxf8+ Rxf8 39. Qd6 b4
40. axb4 axb4 41. Kg3 c3 42. Qe6+ Kh7 43. bxc3 bxc3 44. d6 Rd8 45. Qf5+ Kg8 46.
Qe6+ Kh7 47. g5 c2 48. Qf5+ Kh8 49. g6 0-1

[Event "II Festival Server24 B"]
[Site "Ortisei - Sankt Ulrich in Groeden ITA"]
[Date "2013.06.04"]
[Round "4"]
[White "Martinez, Guido"]
[Black "Tomio, Dante"]
[WhiteElo "1802"]
[BlackElo "1849"]
[Result "1/2-1/2"]
[PlyCount "63"]
[EventDate "2013.06.01"]

1. d4 d5 2. c4 c6 3. e3 Nf6 4. Nc3 e6 5. Nf3 Nbd7 6. cxd5 exd5 7. Bd3 Bd6 8.
O-O O-O 9. Qc2 Re8 10. Ne2 Nf8 11. Ng3 Bg4 12. Nd2 Rc8 13. Bf5 Bxf5 14. Nxf5
Bb8 15. Nf3 Ne4 16. Ng3 Qc7 17. b3 g5 18. Bb2 Ng6 19. Ne5 Nh4 20. Qe2 f6 21.
Nxe4 dxe4 22. g3 fxe5 23. gxh4 exd4 24. Qc4+ Qf7 25. Qxf7+ Kxf7 26. Bxd4 Be5
27. Rad1 Bxd4 28. Rxd4 g4 29. Rd7+ Re7 30. Rfd1 Rc7 31. R7d6 Re6 32. Rd7+
1/2-1/2

[Event "II Festival Server24 B"]
[Site "Ortisei - Sankt Ulrich in Groeden ITA"]
[Date "2013.06.05"]
[Round "5"]
[White "Kazazi, Rifat"]
[Black "Gurschler, Thomas"]
[WhiteElo "1851"]
[BlackElo "1778"]
[Result "0-1"]
[PlyCount "100"]
[EventDate "2013.06.01"]

1. e4 g6 2. d4 Bg7 3. Nf3 c6 4. h3 d5 5. e5 Nh6 6. Bd3 O-O 7. O-O f6 8. Bxh6
Bxh6 9. exf6 exf6 10. Re1 Re8 11. Nbd2 Be6 12. Nf1 Nd7 13. c3 Bf7 14. Qc2 Nb6
15. b3 Qd7 16. N1h2 Rxe1+ 17. Rxe1 Re8 18. Rxe8+ Qxe8 19. Ng4 Bg7 20. Qd2 Be6
21. Qf4 Qd8 22. a4 a5 23. Ne3 Bf8 24. Ng4 Bg7 25. h4 Bxg4 26. Qxg4 Qd6 27. h5
f5 28. Qh3 Nd7 29. hxg6 hxg6 30. Ng5 Nf8 31. Nf3 Qf4 32. Bf1 Bf6 33. Qh2 Qxh2+
34. Kxh2 Kf7 35. c4 Ne6 36. Ne5+ Bxe5+ 37. dxe5 Nc5 38. cxd5 cxd5 39. Kg3 Ne4+
40. Kf4 Nxf2 41. Bb5 Ke6 42. Kg5 Kxe5 43. Kxg6 d4 44. Bd7 f4 45. Kg5 d3 46. Bb5
d2 47. Be2 d1=Q 48. Bxd1 Nxd1 49. Kg4 Ne3+ 50. Kf3 Nf5 0-1

[Event "II Festival Server24 B"]
[Site "Ortisei - Sankt Ulrich in Groeden ITA"]
[Date "2013.06.05"]
[Round "5"]
[White "Roversi, Stefano"]
[Black "Fox, Jonas"]
[WhiteElo "1791"]
[BlackElo "1817"]
[Result "1/2-1/2"]
[PlyCount "96"]
[EventDate "2013.06.01"]

1. e4 e6 2. d3 d5 3. Nd2 c5 4. Ngf3 Nc6 5. g3 g6 6. Bg2 Bg7 7. O-O Nge7 8. Re1
O-O 9. e5 h6 10. Nf1 g5 11. h4 g4 12. N3h2 Nxe5 13. Nxg4 Nxg4 14. Qxg4 e5 15.
Qh5 Qd6 16. Ne3 f5 17. c4 d4 18. Nd5 Nxd5 19. Bxd5+ Be6 20. Bxb7 Rab8 21. Bg2
Bf7 22. Qe2 Bg6 23. Bd5+ Kh8 24. b3 f4 25. Be4 fxg3 26. fxg3 Bxe4 27. Qxe4 Qf6
28. Qe2 Qf3 29. Qxf3 Rxf3 30. Rd1 Rxg3+ 31. Kh2 Rg4 32. Kh3 h5 33. Bg5 e4 34.
Rf1 Rf8 35. Rxf8+ Bxf8 36. dxe4 Rxe4 37. Rf1 Bg7 38. Rf5 Re2 39. Bf6 Bxf6 40.
Rxf6 Rxa2 41. Rh6+ Kg7 42. Rxh5 Ra3 43. Rxc5 Rxb3+ 44. Kg4 Ra3 45. Rd5 d3 46.
c5 a5 47. c6 Rc3 48. Rxa5 Rxc6 1/2-1/2

[Event "II Festival Server24 B"]
[Site "Ortisei - Sankt Ulrich in Groeden ITA"]
[Date "2013.06.05"]
[Round "5"]
[White "Soupizon, Remi"]
[Black "Tomio, Dante"]
[WhiteElo "1990"]
[BlackElo "1849"]
[Result "1/2-1/2"]
[PlyCount "93"]
[EventDate "2013.06.01"]

1. e4 c5 2. Nc3 g6 3. f4 Bg7 4. Nf3 d6 5. Bc4 e6 6. f5 gxf5 7. d3 fxe4 8. dxe4
Ne7 9. Bf4 e5 10. Bg5 a6 11. O-O Be6 12. Bxe6 fxe6 13. Qd2 Nbc6 14. Bh6 Bxh6
15. Qxh6 Kd7 16. Ng5 Nd4 17. Nf7 Qa5 18. Nxh8 Rxh8 19. Rf7 Re8 20. Qxh7 Nxc2
21. Raf1 Qb4 22. Rf8 Rxf8 23. Rxf8 Qxb2 24. Ne2 Nd4 25. Nxd4 Qxd4+ 26. Kf1 Qa1+
27. Kf2 Qxa2+ 28. Kg3 Qd2 29. h4 Qa5 30. Rf7 Qd8 31. Kf3 c4 32. Ke2 b5 33. Qh6
b4 34. Qe3 Qc7 35. h5 c3 36. Qg5 Qc4+ 37. Kf2 Qc5+ 38. Kg3 d5 39. exd5 exd5 40.
Qf5+ Kc6 41. Qd3 Qc4 42. Qxc4+ dxc4 43. h6 c2 44. h7 c1=Q 45. h8=Q Qg5+ 46. Kh2
c3 47. Qa8+ 1/2-1/2

[Event "II Festival Server24 B"]
[Site "Ortisei - Sankt Ulrich in Groeden ITA"]
[Date "2013.06.06"]
[Round "6"]
[White "Gurschler, Thomas"]
[Black "Soupizon, Remi"]
[WhiteElo "1778"]
[BlackElo "1990"]
[Result "1/2-1/2"]
[PlyCount "41"]
[EventDate "2013.06.01"]

1. d4 d5 2. Bf4 e6 3. e3 a6 4. Nf3 c5 5. c3 Nc6 6. Bd3 cxd4 7. exd4 Bd6 8. Bxd6
Qxd6 9. Nbd2 Nge7 10. O-O f6 11. Nh4 g6 12. f4 Nf5 13. Qe1 O-O 14. Rf3 e5 15.
Bxf5 Bxf5 16. Nxf5 gxf5 17. Qg3+ Kh8 18. fxe5 fxe5 19. dxe5 Nxe5 20. Rff1 Qb6+
21. Kh1 1/2-1/2

[Event "II Festival Server24 B"]
[Site "Ortisei - Sankt Ulrich in Groeden ITA"]
[Date "2013.06.06"]
[Round "6"]
[White "Hofer, Alois"]
[Black "Zanin, Dario"]
[WhiteElo "1663"]
[BlackElo "1942"]
[Result "1/2-1/2"]
[PlyCount "95"]
[EventDate "2013.06.01"]

1. d4 Nf6 2. Nc3 d5 3. Bf4 Bf5 4. Nb5 Na6 5. e3 c6 6. Nc3 Qa5 7. Bd3 Ne4 8.
Nge2 Nb4 9. O-O Nxd3 10. cxd3 Nxc3 11. bxc3 e6 12. Qd2 Be7 13. f3 O-O 14. e4
Bg6 15. Qb2 b6 16. a4 c5 17. dxc5 Qxc5+ 18. d4 Qc4 19. exd5 exd5 20. Qb5 Qxb5
21. axb5 Bd3 22. Rfe1 Bxb5 23. Nc1 Rfe8 24. Nb3 Bf6 25. Rxe8+ Bxe8 26. Bc7 Bc6
27. Kf2 h6 28. f4 Bb7 29. Be5 Be7 30. f5 f6 31. Bf4 a6 32. Ke3 Rc8 33. Kd2 Kf7
34. g4 Rc6 35. Nc1 g5 36. fxg6+ Kxg6 37. Nd3 Bd6 38. h4 a5 39. Re1 Ba6 40. Re6
Bxd3 41. Rxd6 Rxd6 42. Bxd6 Bc4 43. Bc7 a4 44. Bxb6 h5 45. gxh5+ Kxh5 46. Bd8
f5 47. Be7 f4 48. Ke1 1/2-1/2

[Event "II Festival Server24 B"]
[Site "Ortisei - Sankt Ulrich in Groeden ITA"]
[Date "2013.06.06"]
[Round "6"]
[White "Tomio, Dante"]
[Black "Olivetti, Davide"]
[WhiteElo "1849"]
[BlackElo "1691"]
[Result "0-1"]
[PlyCount "64"]
[EventDate "2013.06.01"]

1. d4 Nf6 2. Nf3 c5 3. e3 d5 4. b3 Bf5 5. Bd3 Bg6 6. Bb2 e6 7. O-O Nc6 8. a3
Bd6 9. Re1 O-O 10. Bxg6 fxg6 11. Nbd2 Ne4 12. Qe2 Nxd2 13. Nxd2 e5 14. dxc5
Bxc5 15. b4 Bd6 16. b5 Na5 17. Qg4 e4 18. Rad1 Qe7 19. Bc3 b6 20. Bb4 Bxb4 21.
axb4 Nc4 22. Nxc4 dxc4 23. c3 Qf6 24. Rf1 Qxc3 25. Qe6+ Kh8 26. Qxe4 Qxb4 27.
Qd5 Rac8 28. Ra1 c3 29. Rxa7 c2 30. Qd7 Qb2 31. g3 c1=Q 32. Rxc1 Qxf2+ 0-1

[Event "II Festival Server24 B"]
[Site "Ortisei - Sankt Ulrich in Groeden ITA"]
[Date "2013.06.07"]
[Round "7"]
[White "Benazzo, Angelo"]
[Black "Thurner, Markus"]
[WhiteElo "1767"]
[BlackElo "1972"]
[Result "0-1"]
[PlyCount "108"]
[EventDate "2013.06.01"]

1. Nf3 f5 2. g3 Nf6 3. Bg2 d6 4. d4 e6 5. c4 Be7 6. b3 O-O 7. O-O Qe8 8. Nc3
Nbd7 9. Qc2 Qg6 10. Nh4 Qh5 11. h3 g5 12. Nxf5 exf5 13. Qxf5 h6 14. g4 Qf7 15.
Nd5 Nb6 16. Nxe7+ Qxe7 17. Qg6+ Qg7 18. Qd3 Qh7 19. Qxh7+ Nxh7 20. f4 c6 21. e4
Bd7 22. Ba3 Nc8 23. f5 Re8 24. Rfe1 a5 25. e5 dxe5 26. dxe5 Nb6 27. e6 Bc8 28.
Rad1 a4 29. Bc5 Ra6 30. Bd4 axb3 31. axb3 Na8 32. Re3 Ra2 33. Red3 Nc7 34. Bc3
Nxe6 35. fxe6 Bxe6 36. Be4 Nf8 37. Rd6 Bxg4 38. hxg4 Rxe4 39. Rxh6 Rxg4+ 40.
Kf1 Rf4+ 41. Kg1 Rg4+ 42. Kf1 Rg3 43. Rh8+ Kf7 44. Bb4 Rf3+ 45. Kg1 Ne6 46. Bd6
Nf4 47. Bxf4 gxf4 48. Rh7+ Kg6 49. Rxb7 Rg3+ 50. Kf1 Rh3 51. Kg1 f3 52. Rd6+
Kf5 53. Rf7+ Ke5 54. Rdf6 Rg2+ 0-1

[Event "II Festival Server24 B"]
[Site "Ortisei - Sankt Ulrich in Groeden ITA"]
[Date "2013.06.07"]
[Round "7"]
[White "Fox, Jonas"]
[Black "Bossoni, Mario"]
[WhiteElo "1817"]
[BlackElo "1941"]
[Result "1/2-1/2"]
[PlyCount "59"]
[EventDate "2013.06.01"]

1. e4 c5 2. Nc3 Nc6 3. f4 e6 4. Nf3 d6 5. g3 Nf6 6. Bg2 Be7 7. d3 Rb8 8. O-O
O-O 9. Qe1 Nb4 10. Qe2 b5 11. e5 dxe5 12. Nxe5 Qb6 13. a3 Nbd5 14. Nxd5 exd5
15. c4 bxc4 16. dxc4 Bd6 17. Qc2 Bb7 18. cxd5 Bxe5 19. fxe5 Nxd5 20. Qf5 Ne7
21. Qf2 Bxg2 22. Qxg2 Nc6 23. Be3 Qb5 24. Qd5 Nd4 25. Bxd4 cxd4 26. Qxd4 Qxb2
27. Qxa7 Qxe5 28. Rae1 Qd5 29. Rd1 Qh5 30. Rd2 1/2-1/2

[Event "II Festival Server24 B"]
[Site "Ortisei - Sankt Ulrich in Groeden ITA"]
[Date "2013.06.07"]
[Round "7"]
[White "Gurschler, Thomas"]
[Black "Roversi, Stefano"]
[WhiteElo "1778"]
[BlackElo "1791"]
[Result "1-0"]
[PlyCount "101"]
[EventDate "2013.06.01"]

1. d4 Nf6 2. Bf4 d6 3. e3 g6 4. Nf3 Bg7 5. Be2 O-O 6. h3 c5 7. c3 cxd4 8. exd4
Qb6 9. Qb3 Qxb3 10. axb3 Nc6 11. O-O Nd5 12. Bh2 e5 13. dxe5 dxe5 14. Bd3 Re8
15. Re1 Nb6 16. Na3 Be6 17. Nb5 Rad8 18. Nc7 Re7 19. Nxe6 Rxe6 20. Be4 Nd5 21.
Red1 Red6 22. Rd2 Nde7 23. Rad1 Rxd2 24. Rxd2 Rxd2 25. Nxd2 f5 26. Bd3 a6 27.
Bc4+ Kf8 28. b4 Nc8 29. Bd5 N8e7 30. Bf3 e4 31. Be2 b5 32. Nb3 Be5 33. Bxe5
Nxe5 34. Nc5 Nd5 35. Nxa6 Nc4 36. Bxc4 bxc4 37. Nc5 Ke7 38. g3 Kd6 39. Kf1 Kc6
40. Ke2 Kb5 41. Ne6 Ka4 42. Kd2 Kb3 43. Kc1 e3 44. fxe3 Nxe3 45. Nf8 Nf1 46.
Nxh7 Nxg3 47. Ng5 Ka4 48. Kd2 f4 49. Ne6 Ne4+ 50. Ke2 Kb3 51. Nc5+ 1-0

[Event "II Festival Server24 B"]
[Site "Ortisei - Sankt Ulrich in Groeden ITA"]
[Date "2013.06.07"]
[Round "7"]
[White "Soupizon, Remi"]
[Black "Olivetti, Davide"]
[WhiteElo "1990"]
[BlackElo "1691"]
[Result "0-1"]
[PlyCount "24"]
[EventDate "2013.06.01"]

1. e4 e5 2. f4 exf4 3. Nf3 g5 4. Bc4 Bg7 5. d4 d6 6. h4 h6 7. g3 g4 8. O-O gxf3
9. Qxf3 Bxd4+ 10. Kg2 Qd7 11. Qxf4 Qh3+ 12. Kf3 Nf6 0-1

[Event "II Festival Server24 B"]
[Site "Ortisei - Sankt Ulrich in Groeden ITA"]
[Date "2013.06.08"]
[Round "8"]
[White "Bossoni, Mario"]
[Black "Soupizon, Remi"]
[WhiteElo "1941"]
[BlackElo "1990"]
[Result "0-1"]
[PlyCount "114"]
[EventDate "2013.06.01"]

1. e4 d5 2. exd5 Qxd5 3. Nc3 Qa5 4. d4 c6 5. Nf3 Nf6 6. Bc4 Bf5 7. Bd2 e6 8.
Qe2 Bb4 9. O-O O-O 10. a3 Bxc3 11. Bxc3 Qc7 12. Bb3 Nbd7 13. Rad1 Nd5 14. Bxd5
cxd5 15. Nh4 Qf4 16. Nxf5 Qxf5 17. Qb5 Nf6 18. Rd3 Nh5 19. Re1 Qg6 20. Qb3 a6
21. Re5 b5 22. Rh3 Nf4 23. Rg3 Qh6 24. Re1 Rfc8 25. h3 Rc4 26. Kf1 Nh5 27. Rd3
Rac8 28. Bd2 Qg6 29. Rc3 Qf6 30. Rxc4 Rxc4 31. c3 Ng3+ 32. Kg1 Ne4 33. Be3 Qh4
34. Qd1 f5 35. Qc1 f4 36. Bxf4 Qxf2+ 37. Kh2 g5 38. Rf1 Qh4 39. Be5 Rc8 40. Qd1
Rf8 41. Rxf8+ Kxf8 42. a4 g4 43. Qxg4 Qxg4 44. hxg4 bxa4 45. Kg1 Ke7 46. Bf4 a3
47. bxa3 Nxc3 48. Be3 Kd6 49. Kf2 Nd1+ 50. Ke2 Nxe3 51. Kxe3 e5 52. dxe5+ Kxe5
53. g5 a5 54. a4 d4+ 55. Kd3 Kd5 56. Kd2 Kc4 57. Kc2 Kb4 0-1

[Event "II Festival Server24 B"]
[Site "Ortisei - Sankt Ulrich in Groeden ITA"]
[Date "2013.06.08"]
[Round "8"]
[White "Caldara, Sisto"]
[Black "Tomio, Dante"]
[WhiteElo "1804"]
[BlackElo "1849"]
[Result "1/2-1/2"]
[PlyCount "51"]
[EventDate "2013.06.01"]

1. d4 d5 2. c4 c6 3. Nc3 Nf6 4. e3 e6 5. Nf3 Nbd7 6. Bd3 dxc4 7. Bxc4 b5 8. Bd3
Bb7 9. O-O a6 10. e4 c5 11. e5 Nd5 12. Re1 cxd4 13. Nxd4 Nxc3 14. bxc3 Qc7 15.
Qe2 Rc8 16. Bd2 g6 17. Rac1 Bg7 18. c4 bxc4 19. Bxc4 Qxe5 20. Nxe6 fxe6 21. Qg4
Nf6 22. Rxe5 Nxg4 23. Rxe6+ Kd7 24. Rb6 Rc7 25. Be6+ Kd8 26. Bxg4 1/2-1/2

[Event "II Festival Server24 B"]
[Site "Ortisei - Sankt Ulrich in Groeden ITA"]
[Date "2013.06.08"]
[Round "8"]
[White "Olivetti, Davide"]
[Black "Fox, Jonas"]
[WhiteElo "1691"]
[BlackElo "1817"]
[Result "1/2-1/2"]
[PlyCount "45"]
[EventDate "2013.06.01"]

1. e4 e6 2. d4 d5 3. Nc3 Bb4 4. e5 c5 5. a3 Bxc3+ 6. bxc3 Qa5 7. Bd2 Qa4 8. Qb1
c4 9. h4 Ne7 10. h5 h6 11. g4 Nbc6 12. f4 Bd7 13. Ne2 O-O-O 14. Qb2 Rdf8 15.
Rb1 b6 16. Bg2 f5 17. g5 g6 18. hxg6 hxg5 19. g7 Rxh1+ 20. Kf2 Rg8 21. Rxh1
Rxg7 22. Rh8+ Nd8 23. fxg5 1/2-1/2